| 000 | 01113 a2200217 4500 | ||
|---|---|---|---|
| 001 | 27255 | ||
| 005 | 20260407155549.0 | ||
| 008 | 260407a1959 arg spa d | ||
| 003 | AR-UNSa-BCEJYS | ||
| 040 |
_aAR-UNSa-BCEJYS _bspa _cAR-UNSa-BCEJYS |
||
| 080 |
_a514.11 _xGeometría elemental. Trigonometría y poligonometría |
||
| 245 | 1 | 0 | _aTrigonometría plana |
| 264 | 1 |
_aBarcelona : _bReverté _c1959 |
|
| 300 |
_a216 p. _c23 cm. |
||
| 505 | _a1.Funciones trigonométricas – 2. Resolución de triángulos rectángulos – 3. Identidades fundamentales – 4. Reducción de funciones trigonométricas al primer cuadrante – 5. Medida angular – 6. Variación y gráficas de las funciones trigonométricas – 7. Funciones de un ángulo compuesto – 8. Logaritmos – 9. Resolución logarítmica de triángulos rectángulos – 10. Triángulos oblicuángulos – 11. Ecuaciones trigonométricas – 12. Funciones trigonométricas inversas – 13. Números complejos. | ||
| 041 | _aspa | ||
| 942 | _cBK | ||
| 590 | _aniveau_biblio:m niveau_hierar:0 | ||
| 100 | 1 | _aRees, Paul K. | |
| 700 | 1 | _aSparks, Fred W. | |
| 999 |
_c1570 _d1570 |
||